Gamme de Mots - D - Statistiques

Statistiques générales
  • Ce quiz a été pris 155 fois
  • Le résultat moyen est 9 sur 19
Statistiques - réponses
Définition Réponse % Correct
Vitamine du Soleil D
97%
510 en chiffres romains DX
93%
Vishnou, Zeus, Mars et Odin en sont des exemples DIEUX
92%
Premier nombre premier DEUX
91%
Symbole du deutérium D
75%
Note de la gamme DO
74%
Chef de guerre romain DUX
71%
Pour cacher les fenêtres RIDEAUX
67%
Joindre des pièces de métal SOUDER
44%
Incarnent la perfection IDEAUX
43%
Parfum ODEUR
35%
Cours d'eau dans le désert OUED
24%
Luth OUD
22%
Astraux SIDERAUX
16%
Composés chimiques à base d'iode IODURES
11%
De la nature de l'ardoise ARDOISEUX
8%
Ni amers, ni salés AIGRES-DOUX
1%
Dots DOUAIRES
0%
Écoutai ESGOURDAI
0%
Aucun quiz correspondant
Distribution des résultats
% des personnes avec chaque résultat
Percentile par nombre de réponses
Votre historique - résultats
Vous n’avez pas pris ce quiz